Kolektivní výstava výtvarníků Spolku Octopus / výstava 30+1 autorů k 30. výročí založení Galerie Octopus : Markéta de Borggraef, Jakub Čuška, Miroslav Dolák, Martin Gašperák, Zdeněk Habr, Michaela Johnová-Čapková, Roman Karel, Martina Kohoutková, Roman Kubík, Šárka Lupečková, Ladislav Mako, Miloslav Marek (in memoriam), Dagmar Mathonová, Pavel Mereďa, Antonín Mikšík, Petra Niklová, Roman Panáček, Kamila Pánková, Miloslav Požár, Adam Rybka, Veronika Slámová, Vojtěch Sofka, Jarmila Soldánová, Jindřich Štreit, Bohumil Švéda, Luboš Tesař, Kateřina Utěšená, Jakub Vala, Viktor Valášek, Chrudoš Valouše, Marek Zoth/

Hlavní autor: Vyhlídal, Michal
Korporativní autor: Galerie Octopus (Rýmařov, Česko)
Další autoři: Galerie Pranýř (Rýmařov, Česko)
Jazyk: Čeština
Vydáno: Rýmařov : Spolek Octopus, z.s. :Městské muzeum Rýmařov, 2022
Vydání: 1. vydání
Témata:
Fyzický popis: 40 nečíslovaných stran : ilustrace (převážně barevné) ; 22 cm
Knihy
Uloženo v:
LEADER 03094nam a2200613 i 4500
001 nkc20223458578
003 CZ PrNK
005 20231107074656.0
007 ta
008 230103s2022 xr a e c 000 0dcze
020 |a 978-80-88500-00-1  |q (Městské muzeum Rýmařov ;  |q brožováno) 
040 |a ABA001  |b cze  |e rda 
043 |a e-xr--- 
045 |a x-y- 
072 7 |a 72/76  |x Výtvarné umění  |2 Konspekt  |9 21 
080 |a 7.071  |2 MRF 
080 |a 72/76(437.3)  |2 MRF 
080 |a 7.036/.038  |2 MRF 
080 |a 77.03/.08  |2 MRF 
080 |a (437.3)  |2 MRF 
080 |a (083.824)  |2 MRF 
100 1 |a Vyhlídal, Michal  |7 jo2012708048  |4 aut  |4 wfw 
245 1 0 |a Kolektivní výstava výtvarníků Spolku Octopus /  |b výstava 30+1 autorů k 30. výročí založení Galerie Octopus : Markéta de Borggraef, Jakub Čuška, Miroslav Dolák, Martin Gašperák, Zdeněk Habr, Michaela Johnová-Čapková, Roman Karel, Martina Kohoutková, Roman Kubík, Šárka Lupečková, Ladislav Mako, Miloslav Marek (in memoriam), Dagmar Mathonová, Pavel Mereďa, Antonín Mikšík, Petra Niklová, Roman Panáček, Kamila Pánková, Miloslav Požár, Adam Rybka, Veronika Slámová, Vojtěch Sofka, Jarmila Soldánová, Jindřich Štreit, Bohumil Švéda, Luboš Tesař, Kateřina Utěšená, Jakub Vala, Viktor Valášek, Chrudoš Valouše, Marek Zoth/  |c úvodní text a zpracování medailonů: Michal Vyhlídal 
250 |a 1. vydání 
264 1 |a Rýmařov :  |b Spolek Octopus, z.s. :  |b Městské muzeum Rýmařov,  |c 2022 
300 |a 40 nečíslovaných stran :  |b ilustrace (převážně barevné) ;  |c 22 cm 
336 |a text  |b txt  |2 rdacontent 
336 |a statický obraz  |b sti  |2 rdacontent 
337 |a bez média  |b n  |2 rdamedia 
338 |a svazek  |b nc  |2 rdacarrier 
500 |a Název z obálky 
500 |a Katalog k výstavě, která problěhla v Galerii Octopus a Galerii Pranýř rýmařovského muzea od 5. do 27. listopadu 2022 
500 |a 150 výtisků 
610 2 7 |a Spolek Octopus  |7 mzk20231172831  |2 czenas 
648 7 |a 21. století  |7 ch460559  |2 czenas 
648 7 |a 20.-21. století  |7 ch462155  |2 czenas 
650 0 7 |a umělecké skupiny  |7 ph126906  |z Česko  |y 20.-21. století  |2 czenas 
650 0 7 |a české výtvarné umění  |7 ph116865  |y 21. století  |2 czenas 
650 0 7 |a moderní umění  |7 ph115340  |z Česko  |2 czenas 
650 0 7 |a fotografie  |7 ph114585  |z Česko  |y 20.-21. století  |2 czenas 
650 0 9 |a art groups  |z Czechia  |y 20th-21st centuries  |2 eczenas 
650 0 9 |a Czech art  |y 21st century  |2 eczenas 
650 0 9 |a modern art  |z Czechia  |2 eczenas 
650 0 9 |a photography  |z Czechia  |y 20th-21st centuries  |2 eczenas 
655 7 |a katalogy výstav  |7 fd132536  |2 czenas 
655 9 |a exhibition catalogs  |2 eczenas 
710 2 |a Galerie Octopus (Rýmařov, Česko)  |7 kn20130701011  |4 orm 
710 2 |a Galerie Pranýř (Rýmařov, Česko)  |7 mzk2017973418  |4 orm 
910 2 |a BOA001  |b 2-1498.490 
928 9 |a Octopus 
990 |a BK 
995 |a 11 
991 |b 202301  |c NOV 
996 6 |b 2610925307  |c 2-1498.490  |l MZK  |r Sklad / do 1 hodiny  |n 0  |p p.v.  |w 001908916  |u 000010  |a 1  |e BOA001  |j MZK50  |s P